000 00353nam a2200145Ia 4500
008 210210b1977 xxu||||| |||| 00| 0 eng d
082 _a330.15 SRIH
100 _aSRIVASTAVA (S K).
245 _aHistory of economic thought.
250 _a
260 _aND
_bS. Chand & Co. Ltd.
_c1977
300 _a685
690 _aEconomic Thought
906 _a033672
999 _c84616
_d84616